[Event "Superettan(Upsala-Schack 08)"]
[Site "?"]
[Date "2016.10.16"]
[Round "3"]
[White "Thorgeirsson, Sverrir"]
[Black "Ingbrant, Johan"]
[Result "1/2-1/2"]
[WhiteElo "2278"]
[BlackElo "2365"]
[PlyCount "56"]
[EventDate "2016.??.??"]
1. d4 Nf6 2. Nf3 e6 3. Bf4 b6 4. e3 Bb7 5. Nbd2 Be7 6. c3 c5 7. Bd3 cxd4 8.
exd4 d6 9. h3 a6 10. O-O O-O 11. Re1 Re8 12. Bg3 Nbd7 13. Ne4 Nxe4 14. Bxe4
Bxe4 15. Rxe4 Qc7 16. Qb3 b5 17. Rae1 Nf8 18. Nd2 Nd7 19. R4e2 Nb6 20. Qc2 Qc6
21. Qd3 Qd5 22. a3 a5 23. Nf1 Nc4 24. Ne3 Nxe3 25. fxe3 Qc4 26. Qxc4 bxc4 27.
a4 Rab8 28. e4 Rb7 1/2-1/2

[Event "Superettan(Vasteras-Orgryte)"]
[Site "?"]
[Date "2016.10.16"]
[Round "3"]
[White "Fransson, Patrick"]
[Black "Kretz, Johan"]
[Result "1-0"]
[WhiteElo "2117"]
[BlackElo "2205"]
[PlyCount "83"]
1. d4 Nf6 2. Bg5 e6 3. e3 c5 4. c3 cxd4 5. exd4 Qb6 6. Qc2 d5 7. Nd2 Bd7 8.
Ngf3 Nc6 9. Bd3 Rc8 10. a3 Bd6 11. O-O Ng4 12. Rae1 h6 13. Be3 O-O 14. h3 Nxe3
15. Rxe3 Qc7 16. Qd1 Bf4 17. Re2 a6 18. Rfe1 Na5 19. Nf1 Bb5 20. Bxb5 axb5 21.
g3 Bd6 22. Kg2 Qc4 23. Ne3 Qb3 24. Qb1 Nc4 25. Ng4 Rc7 26. Nge5 Rfc8 27. g4
Nxe5 28. Nxe5 Be7 29. f4 Bd6 30. g5 hxg5 31. fxg5 Bxe5 32. Rxe5 g6 33. h4 Kg7
34. h5 gxh5 35. g6 Rg8 36. Qc1 Kf8 37. Qh6+ Ke8 38. g7 Qxb2+ 39. R1e2 Qxa3 40.
Qh7 Qf8 41. Rg5 Rxg7 42. Rxg7 1-0

[Event "Superettan(Vaxjo-Burgsvik)"]
[Site "?"]
[Date "2016.10.16"]
[Round "3"]
[White "Larsson, Victor"]
[Black "Moren, Bjorn"]
[Result "1-0"]
[WhiteElo "2188"]
[BlackElo "2106"]
[PlyCount "81"]
1. d4 d5 2. c4 dxc4 3. Nf3 Nf6 4. e3 Bg4 5. Bxc4 e6 6. h3 Bh5 7. Nc3 Nc6 8. Bb5
Bb4 9. Qa4 Bxc3+ 10. bxc3 Bxf3 11. gxf3 Qd5 12. Ke2 O-O 13. e4 Qh5 14. Bxc6
bxc6 15. Qxc6 Rab8 16. Ba3 Rfe8 17. Rhb1 Rbd8 18. Rb5 Nd5 19. exd5 exd5+ 20.
Kd2 Qxf3 21. Kc2 Re2+ 22. Kb3 Qd3 23. Qxd5 Qc2+ 24. Kb4 c5+ 25. Rxc5 Rb8+ 26.
Rb5 a5+ 27. Kc4 Rc8+ 28. Rc5 Qa4+ 29. Bb4 Rb8 30. Rxa5 Rc8+ 31. Rc5 Ra8 32. Ra5
Rc8+ 33. Rc5 Ra8 34. Qc6 Qa7 35. a4 Re6 36. Qc8+ Re8 37. Qc6 Re6 38. Qc8+ Re8
39. Qf5 g6 40. Qf3 Qa6+ 41. Kb3 1-0

[Event "Superettan(Upsala-Schack 08)"]
[Site "?"]
[Date "2016.10.16"]
[Round "3"]
[White "Drugge, Patrick"]
[Black "Burwick, Malte"]
[Result "0-1"]
[WhiteElo "2201"]
[BlackElo "2225"]
[PlyCount "80"]
1. e4 g6 2. d4 Bg7 3. Nc3 d6 4. Be2 a6 5. Be3 b5 6. h4 h5 7. Nf3 Nd7 8. a4 b4
9. Nd5 a5 10. Ng5 Ngf6 11. Nf4 Bb7 12. Bc4 d5 13. exd5 O-O 14. Nxg6 fxg6 15.
d6+ Bd5 16. Bxd5+ Nxd5 17. Ne6 Qe8 18. Nxf8 Qxf8 19. dxc7 N7f6 20. Qd3 Qe8 21.
O-O Nxc7 22. c4 bxc3 23. bxc3 Ncd5 24. c4 Nb4 25. Qe2 e6 26. Rfe1 Kf7 27. f3
Qd7 28. Bf2 Rc8 29. c5 Nfd5 30. Rec1 Nf4 31. Qb5 Qd8 32. Rd1 Rb8 33. Qc4 Bf6
34. g3 Nh3+ 35. Kg2 Nxf2 36. Kxf2 Qd7 37. Rd2 Nc6 38. d5 Bxa1 39. Qf4+ Ke8 40.
Ra2 Bd4+ 0-1

[Event "Superettan(Vasteras-Orgryte)"]
[Site "?"]
[Date "2016.10.16"]
[Round "3"]
[White "Backman, Andreas"]
[Black "Subramanian, Aditya"]
[Result "1-0"]
[WhiteElo "2149"]
[BlackElo "2041"]
[PlyCount "65"]
1. d4 Nf6 2. c4 e6 3. Nc3 Bb4 4. Nf3 d5 5. Qa4+ Nc6 6. Bg5 h6 7. Bxf6 Qxf6 8.
e3 O-O 9. a3 Bxc3+ 10. bxc3 Rd8 11. Be2 Ne7 12. Qc2 b6 13. Ne5 c5 14. Bh5 g6
15. Bf3 Bb7 16. O-O Nc6 17. cxd5 exd5 18. Nxc6 Qxc6 19. Rfc1 Rac8 20. Qb2 Qd7
21. Rab1 Ba6 22. h3 Rc7 23. Rd1 Qa4 24. dxc5 bxc5 25. Bxd5 Rcd7 26. Qb3 Qxb3
27. Bxb3 Be2 28. Rxd7 Rxd7 29. Ba4 Rd2 30. Rb7 Bc4 31. Rxa7 Ra2 32. Bc6 Rc2 33.
Ra5 1-0

[Event "Superettan(Vaxjo-Burgsvik)"]
[Site "?"]
[Date "2016.10.16"]
[Round "3"]
[White "Lekander, Rolf"]
[Black "Linusson, Pelle"]
[Result "1/2-1/2"]
[WhiteElo "2189"]
[BlackElo "2261"]
[PlyCount "81"]
1. c4 g6 2. g3 c5 3. Bg2 Bg7 4. Nc3 Nc6 5. a3 a6 6. Rb1 Rb8 7. b4 cxb4 8. axb4
b5 9. cxb5 axb5 10. Nf3 d5 11. d4 Bf5 12. Rb3 Nf6 13. Bf4 Rc8 14. Be5 O-O 15.
O-O Nxe5 16. Nxe5 Qb6 17. e3 Rfd8 18. Qe2 Ne4 19. Qb2 h5 20. Rd1 Nxc3 21. Rxc3
Rxc3 22. Qxc3 Rc8 23. Qe1 Bxe5 24. dxe5 e6 25. Rc1 Rxc1 26. Qxc1 Bd3 27. Qc3
Bc4 28. h4 Qa7 29. Qb2 Qa4 30. Bf3 Kg7 31. Kh2 Bb3 32. Be2 Bc4 33. Bf3 Kh6 34.
Kg1 Bb3 35. Kh2 Kg7 36. Be2 Bc4 37. Bf3 Qa7 38. Kg2 Qe7 39. Qc3 Qa7 40. Qb2 Qc7
41. Qd4 1/2-1/2

[Event "Superettan(Upsala-Schack 08)"]
[Site "?"]
[Date "2016.10.16"]
[Round "3"]
[White "Johansson, Carl Fredrik"]
[Black "Schutz, Ingemar"]
[Result "1-0"]
[WhiteElo "2184"]
[BlackElo "2216"]
[PlyCount "125"]
1. d4 Nf6 2. c4 g6 3. Nc3 Bg7 4. e4 O-O 5. f4 d6 6. Nf3 c5 7. d5 e6 8. Be2 exd5
9. cxd5 Re8 10. e5 dxe5 11. fxe5 Ng4 12. e6 fxe6 13. d6 Ne5 14. Bf4 Nxf3+ 15.
Bxf3 Nc6 16. Bxc6 bxc6 17. Qd2 Bd7 18. O-O Rb8 19. Be3 Qa5 20. a3 Red8 21. Rac1
Be8 22. Bh6 Rb7 23. Rce1 Bf7 24. Bxg7 Kxg7 25. Qf4 c4 26. Qf6+ Kg8 27. Ne4 e5
28. Kh1 h6 29. Re3 Rf8 30. Rh3 h5 31. Qg5 Bd5 32. Nf6+ Rxf6 33. Qxf6 Kh7 34.
Rg3 Rg7 35. d7 Rg8 36. Qe7+ Kh6 37. Qg5+ Kh7 38. Re3 Qd8 39. Qxe5 Qxd7 40. Rfe1
Rg7 41. Qg5 Qf5 42. Qg3 Qf6 43. R3e2 Rb7 44. Rf2 Qd4 45. Qe3 Qg7 46. Qd2 Re7
47. Re3 Rd7 48. Qe1 Qd4 49. h3 Rg7 50. Rfe2 g5 51. Qb1+ Kh8 52. Qf5 Qf4 53.
Re8+ Bg8 54. Qe5 Qxe5 55. R2xe5 Kh7 56. R8e7 Bf7 57. Rxa7 g4 58. hxg4 hxg4 59.
Ree7 Kg6 60. Kh2 Kf6 61. Kg3 Rh7 62. Rxf7+ Rxf7 63. Rxf7+ 1-0

[Event "Superettan(Vasteras-Orgryte)"]
[Site "?"]
[Date "2016.10.16"]
[Round "3"]
[White "Troberg Eskola, Love"]
[Black "Orndahl, Markus"]
[Result "1/2-1/2"]
[WhiteElo "1886"]
[BlackElo "2167"]
[PlyCount "96"]
1. e4 c5 2. Nf3 d6 3. Bb5+ Nd7 4. O-O a6 5. Be2 Ngf6 6. d3 g6 7. Re1 Bg7 8. Bf1
O-O 9. c3 Ne5 10. h3 Bd7 11. Be3 Nxf3+ 12. Qxf3 Bc6 13. Qd1 Qc7 14. Bf4 e5 15.
Be3 c4 16. f3 d5 17. exd5 Nxd5 18. Bf2 cxd3 19. Qxd3 Rad8 20. Qc2 Bh6 21. Na3
Nf4 22. Nc4 Rd5 23. Bb6 Qe7 24. Kh1 Qf6 25. Ne3 Ba4 26. Nxd5 Nxd5 27. Qxa4 Qxb6
28. Qb3 Qxb3 29. axb3 Bf4 30. Rad1 Nf6 31. g4 Re8 32. Rd6 Kg7 33. Rb6 Re7 34.
Rd1 h5 35. Bd3 hxg4 36. hxg4 Nd5 37. Rd6 Ne3 38. Re1 e4 39. Rxe3 Bxd6 40. Rxe4
Rxe4 41. Bxe4 b6 42. b4 Bf4 43. Bb7 Bc1 44. b3 Bd2 45. c4 Bxb4 46. Bxa6 Kf6 47.
Bb5 g5 48. Kg2 Ke5 1/2-1/2

[Event "Superettan(Vaxjo-Burgsvik)"]
[Site "?"]
[Date "2016.10.16"]
[Round "3"]
[White "Akerman, Axel"]
[Black "Gonzalez, Emilio"]
[Result "1-0"]
[WhiteElo "2082"]
[BlackElo "1888"]
[PlyCount "83"]
1. e4 c5 2. Nc3 a6 3. Nf3 e6 4. d4 cxd4 5. Nxd4 Nc6 6. Nxc6 bxc6 7. e5 d5 8.
exd6 Qxd6 9. Bd3 Nf6 10. Qe2 Be7 11. a3 Bb7 12. Bd2 c5 13. f4 O-O 14. O-O-O
Rab8 15. Bc4 Bd5 16. Rhe1 Qb6 17. b3 Rb7 18. h3 Rfb8 19. g4 Qc6 20. Rf1 Ne4 21.
Nxe4 Bxe4 22. Bc3 a5 23. a4 Bd5 24. Be5 Rd8 25. Bb5 Qb6 26. c4 Bc6 27. f5 Bxb5
28. axb5 exf5 29. Rxd8+ Bxd8 30. Bc7 Bg5+ 31. Kc2 Qe6 32. Qxe6 fxe6 33. Bxa5 f4
34. h4 Bxh4 35. Rxf4 Bf6 36. b4 Bd4 37. Rxd4 cxd4 38. b6 Rxb6 39. Bxb6 e5 40.
Kd3 Kf7 41. Bc7 Ke6 42. b5 1-0

[Event "Superettan(Upsala-Schack 08)"]
[Site "?"]
[Date "2016.10.16"]
[Round "3"]
[White "Ottenklev, Niclas"]
[Black "Cardenas, William"]
[Result "1/2-1/2"]
[WhiteElo "2184"]
[BlackElo "2000"]
[PlyCount "46"]
1. e4 e5 2. Nf3 Nc6 3. d4 exd4 4. Bc4 Bc5 5. c3 Nf6 6. cxd4 Bb4+ 7. Bd2 Bxd2+
8. Nbxd2 d5 9. exd5 Nxd5 10. Qb3 Na5 11. Qa4+ Nc6 12. Ne5 O-O 13. Bxd5 Qxd5 14.
Nxc6 bxc6 15. O-O c5 16. Nf3 cxd4 17. Qxd4 Qxd4 18. Nxd4 c5 19. Nb3 Rb8 20.
Rfc1 Be6 21. Rxc5 Bxb3 22. axb3 Rxb3 23. Rxa7 Rxb2 1/2-1/2

[Event "Superettan(Vasteras-Orgryte)"]
[Site "?"]
[Date "2016.10.16"]
[Round "3"]
[White "Nordebrink, Johan"]
[Black "Blazekovic, Nina"]
[Result "1-0"]
[WhiteElo "2141"]
[BlackElo "1907"]
[PlyCount "79"]
1. e4 c5 2. c3 Nf6 3. e5 Nd5 4. d4 cxd4 5. Nf3 Nc6 6. Bc4 Nb6 7. Bb3 d5 8. exd6
Qxd6 9. O-O Bf5 10. cxd4 e6 11. Nc3 a6 12. d5 Nxd5 13. Nxd5 exd5 14. Re1+ Be7
15. Qxd5 Qxd5 16. Bxd5 Nb4 17. Nd4 Bg6 18. Bxb7 Rd8 19. Nc6 Rd7 20. Rxe7+ Rxe7
21. Nxe7 Kxe7 22. Bd2 Nc2 23. Rd1 Rb8 24. Bd5 Rb5 25. Bc4 Rb6 26. Bc3 f6 27. a3
Bf7 28. Bd3 Bb3 29. Rd2 Na1 30. Bxh7 Re6 31. Bb4+ Kf7 32. Rd7+ Ke8 33. Rd3 Rc6
34. Bg6+ Bf7 35. Re3+ Kd8 36. Bxf7 Nc2 37. Ba5+ Kc8 38. Re8+ Kd7 39. Re2 Kd6
40. Re6+ 1-0

[Event "Superettan(Vaxjo-Burgsvik)"]
[Site "?"]
[Date "2016.10.16"]
[Round "3"]
[White "Neretljak, Nedzad"]
[Black "Andersson, Bjorn"]
[Result "0-1"]
[WhiteElo "2037"]
[BlackElo "2202"]
[PlyCount "54"]
1. e4 c5 2. Nf3 Nc6 3. d4 cxd4 4. c3 dxc3 5. Bc4 e6 6. O-O Nge7 7. Nxc3 Ng6 8.
Ng5 f6 9. Nh3 a6 10. Qh5 Qa5 11. Nd5 Bd6 12. b4 Bxb4 13. Nhf4 exd5 14. Nxg6
dxc4 15. e5 Rg8 16. Qxh7 Qd5 17. Bf4 fxe5 18. Rad1 Qf7 19. Bxe5 d5 20. Nh8 Bf5
21. Qh4 Qe7 22. Qh5+ g6 23. Qh6 Qxe5 24. Nf7 Kxf7 25. Rfe1 Bxe1 26. Rxd5 Qxd5
27. Qxg6+ Rxg6 0-1

[Event "Superettan(Upsala-Schack 08)"]
[Site "?"]
[Date "2016.10.16"]
[Round "3"]
[White "Svensson, Mans"]
[Black "Wikstrom, Per"]
[Result "1-0"]
[WhiteElo "2165"]
[BlackElo "2211"]
[PlyCount "133"]
1. d4 d5 2. c4 c6 3. Nf3 e6 4. Qc2 dxc4 5. Qxc4 b5 6. Qc2 Bb7 7. e4 Nd7 8. Bd3
a6 9. Nc3 b4 10. Na4 c5 11. dxc5 Rc8 12. O-O Nxc5 13. Nxc5 Bxc5 14. Qe2 Qb6 15.
Ne5 Ne7 16. Nc4 Qc7 17. Be3 Bxe3 18. Qxe3 e5 19. Rac1 Qb8 20. Qb6 O-O 21. Qxb4
Nc6 22. Qa3 Rcd8 23. Ne3 Qa8 24. Rfe1 Rd7 25. Bf1 g6 26. Nd5 Qd8 27. Qa4 Rd6
28. Bxa6 Bxa6 29. Rxc6 Bd3 30. Rxd6 Qxd6 31. Qc6 Qxc6 32. Ne7+ Kg7 33. Nxc6 Rc8
34. Nxe5 Bxe4 35. f3 Bd5 36. b3 Rc2 37. Ra1 Rd2 38. Nc4 Bxc4 39. bxc4 Rc2 40.
a4 Rxc4 41. a5 Rc7 42. a6 Ra7 43. Kf2 Kf6 44. Ke3 Ke5 45. Ra5+ Kd6 46. g4 f6
47. h4 Kc6 48. Ke4 Kb6 49. Ra2 Re7+ 50. Kf4 Ka7 51. Rd2 Kxa6 52. Rd6+ Kb5 53.
Rxf6 Kc5 54. Rf8 Kd5 55. Kg5 Ke6 56. Kh6 Ra7 57. Rh8 Rf7 58. Rxh7 Rxf3 59. Kxg6
Rf4 60. g5 Rf8 61. h5 Ra8 62. h6 Ke5 63. Rf7 Rg8+ 64. Kh5 Ke6 65. Rf1 Ra8 66.
h7 Ra2 67. Kg6 1-0

[Event "Superettan(Kamraterna-Stockholms SS)"]
[Site "?"]
[Date "2016.10.16"]
[Round "3"]
[White "Ertan, Can"]
[Black "Svensson, Bengt"]
[Result "1-0"]
[WhiteElo "2359"]
[BlackElo "2342"]
[PlyCount "67"]
1. e4 c5 2. Nf3 d6 3. c3 Nf6 4. Qc2 Qc7 5. Bc4 e6 6. O-O Be7 7. d4 cxd4 8. cxd4
O-O 9. Bd3 Qxc2 10. Bxc2 b6 11. Nc3 Bb7 12. Re1 Nc6 13. h3 Rac8 14. Bg5 h6 15.
Bh4 g5 16. Bg3 Na5 17. d5 Nc4 18. dxe6 Nxb2 19. e5 dxe5 20. exf7+ Rxf7 21. Bxe5
Nc4 22. Bf5 Rc6 23. Rad1 Rf8 24. Bd4 Bb4 25. Be6+ Kh7 26. Bxf6 Rxf6 27. Rd7+
Kg6 28. Bxc4 Rxf3 29. gxf3 Bc8 30. Bd3+ Kh5 31. Rxa7 Rxc3 32. Bb5 Rxf3 33. Rc1
Rf8 34. Be2+ 1-0

[Event "Superettan(Rockaden,Sthlm II-Horndal)"]
[Site "?"]
[Date "2016.10.16"]
[Round "3"]
[White "Olsson, Krister"]
[Black "Tuomainen, Felix"]
[Result "1-0"]
[WhiteElo "2384"]
[BlackElo "2150"]
[PlyCount "89"]
1. d4 d5 2. c4 c6 3. Nc3 Nf6 4. cxd5 cxd5 5. Bf4 Nc6 6. e3 a6 7. Bd3 Bg4 8.
Nge2 e6 9. Rc1 Be7 10. O-O O-O 11. Na4 Nd7 12. a3 Rc8 13. Qd2 b5 14. Nac3 Nb6
15. Qc2 Bxe2 16. Qxe2 Bd6 17. Bxd6 Qxd6 18. a4 b4 19. Nb1 a5 20. b3 e5 21. Bf5
Rc7 22. Qb5 Ne7 23. dxe5 Qxe5 24. Qxb6 Rxc1 25. Rxc1 Nxf5 26. Qxa5 Qb2 27. Qc5
Qxb3 28. a5 Qa4 29. e4 Nh4 30. exd5 b3 31. d6 b2 32. Re1 h6 33. Qd5 Ng6 34. a6
Nf4 35. Qb7 Nd3 36. Rf1 Nc5 37. Qxb2 Qxa6 38. Rd1 Rd8 39. Nc3 Nb7 40. Ne4 Qc6
41. f3 Kh7 42. Qe5 Qb6+ 43. Kh1 Qb3 44. Rc1 Qe3 45. Nf6+ 1-0

[Event "Superettan(Kamraterna-Stockholms SS)"]
[Site "?"]
[Date "2016.10.16"]
[Round "3"]
[White "Aberg, Anton"]
[Black "Thorn, Eric"]
[Result "1-0"]
[WhiteElo "2363"]
[BlackElo "2331"]
[PlyCount "143"]
1. d4 Nf6 2. Bg5 e6 3. e4 h6 4. Bxf6 Qxf6 5. c3 d5 6. Nd2 c5 7. Ngf3 Nc6 8. Bb5
Bd7 9. O-O cxd4 10. exd5 exd5 11. Re1+ Be7 12. c4 O-O-O 13. cxd5 Nb4 14. Ne4
Qb6 15. Bxd7+ Rxd7 16. a3 Nxd5 17. Ne5 Rc7 18. Nxf7 Rf8 19. Qg4+ Kb8 20. Ne5
Rd8 21. Nd3 Nf6 22. Nxf6 Bxf6 23. Qg3 Qd6 24. Qxd6 Rxd6 25. Rac1 Rxc1 26. Rxc1
Rc6 27. Rxc6 bxc6 28. Kf1 Kc7 29. Ke2 Kd6 30. b3 c5 31. Nb2 Kd5 32. Kd3 Be5 33.
g3 g5 34. Nc4 g4 35. Nd2 Bd6 36. f3 gxf3 37. Nxf3 Be7 38. g4 Bd6 39. h4 Be7 40.
a4 Bd8 41. g5 hxg5 42. hxg5 Be7 43. g6 Bf8 44. Ng5 Bh6 45. Ne4 Bg7 46. a5 a6
47. Ng3 Ke6 48. Kc4 Bf8 49. Ne4 Be7 50. Kd3 Bf8 51. g7 Bxg7 52. Nxc5+ Kd5 53.
Nxa6 Bf8 54. b4 Bd6 55. b5 Be7 56. Nc7+ Kd6 57. b6 Kc6 58. Ne6 Bb4 59. Nd8+ Kb5
60. b7 Bd6 61. Kxd4 Kxa5 62. Kd5 Bh2 63. Kc6 Ka6 64. Ne6 Ka7 65. Nc7 Bg3 66.
Nb5+ Ka6 67. Nc3 Ka7 68. Nd5 Bh2 69. Ne7 Kb8 70. Kb6 Bg1+ 71. Ka6 Kc7 72. Nc6
1-0

[Event "Superettan(Rockaden,Sthlm II-Horndal)"]
[Site "?"]
[Date "2016.10.16"]
[Round "3"]
[White "Backman, Michael"]
[Black "Marcus, Hakan"]
[Result "0-1"]
[WhiteElo "2097"]
[BlackElo "2188"]
[PlyCount "125"]
1. d4 c6 2. c4 d5 3. cxd5 cxd5 4. Nc3 e6 5. Bf4 Bd6 6. Bxd6 Qxd6 7. e3 Nf6 8.
Bd3 Nc6 9. f4 Bd7 10. Nf3 Ng4 11. Qe2 f5 12. Ne5 Nf6 13. g4 O-O 14. gxf5 exf5
15. Rg1 Be6 16. a3 Qe7 17. Kf2 Ne4+ 18. Bxe4 Qh4+ 19. Kg2 fxe4 20. Kh1 Nxe5 21.
dxe5 d4 22. Qg2 Qe7 23. Nxe4 dxe3 24. Rae1 Rxf4 25. Rxe3 Rg4 26. Qe2 Rxg1+ 27.
Kxg1 Rc8 28. Rg3 Qc7 29. Nc3 Rf8 30. Qe3 Qc4 31. Rf3 Rxf3 32. Qxf3 Qd4+ 33. Kg2
Qxe5 34. Qxb7 Qg5+ 35. Kf2 Qf4+ 36. Ke1 Qe3+ 37. Kd1 Qg1+ 38. Kd2 Qxh2+ 39. Ke3
Qg1+ 40. Kd3 h5 41. Qe4 Bf7 42. Qe7 Qg3+ 43. Kd4 Bg6 44. Kd5 h4 45. Ne2 Qf3+
46. Kd4 Qg4+ 47. Kc5 h3 48. Nd4 h2 49. Ne6 Be4 50. Qd8+ Kf7 51. Qd7+ Kf6 52.
Qd8+ Kxe6 53. Qc8+ Kf6 54. Qxg4 h1=Q 55. Qf4+ Kg6 56. Kd6 Qf3 57. Qh2 Qf6+ 58.
Kc7 Qc6+ 59. Kd8 Qb6+ 60. Ke7 Qf6+ 61. Kd7 Kf7 62. Qh5+ Qg6 63. Qe2 0-1

[Event "Superettan(Kamraterna-Stockholms SS)"]
[Site "?"]
[Date "2016.10.16"]
[Round "3"]
[White "Uddenfeldt, Dan"]
[Black "Hamark, Jesper"]
[Result "0-1"]
[WhiteElo "2388"]
[BlackElo "2288"]
[PlyCount "106"]
1. Nf3 d6 2. d4 g6 3. c4 Bg7 4. Nc3 Bg4 5. e3 c5 6. d5 Bxc3+ 7. bxc3 Nd7 8. Be2
Qa5 9. Bb2 Bxf3 10. Bxf3 Nb6 11. Be2 Qa4 12. Qd3 f5 13. O-O Nf6 14. Rfb1 O-O-O
15. Bc1 e6 16. Bd2 Nfd7 17. f4 Rhe8 18. Be1 Kc7 19. Bh4 Rb8 20. dxe6 Rxe6 21.
Bf3 Rbe8 22. Re1 Nf6 23. Bxf6 Rxf6 24. e4 Rfe6 25. Rab1 Qxa2 26. Re2 Qa4 27.
exf5 Rxe2 28. Bxe2 gxf5 29. Bf3 Qd7 30. h3 Qe6 31. Kh2 Re7 32. Rb2 Qf6 33. g3
h6 34. Re2 Rxe2+ 35. Bxe2 a5 36. Bf3 a4 37. Qc2 Qe6 38. g4 Qe3 39. Kg3 Qe1+ 40.
Kh2 Qe3 41. Kg3 Qe1+ 42. Kh2 a3 43. gxf5 Nd7 44. Kg2 Qa1 45. Qb3 Qb2+ 46. Qxb2
axb2 47. Be4 Nb6 48. f6 Kd8 49. Kg3 Nxc4 50. Kg4 Nd2 51. Bg6 b1=Q 52. Bxb1 Nxb1
53. Kf5 Ke8 0-1

[Event "Superettan(Rockaden,Sthlm II-Horndal)"]
[Site "?"]
[Date "2016.10.16"]
[Round "3"]
[White "Tiger-Norqvist, Axel"]
[Black "Bator, Zbigniew"]
[Result "1-0"]
[WhiteElo "2109"]
[BlackElo "2328"]
[PlyCount "113"]
1. e4 g6 2. d4 Bg7 3. Nc3 d6 4. Nf3 Nf6 5. h3 O-O 6. Be3 c6 7. Bd3 b5 8. a3 a6
9. O-O Qc7 10. Ne2 c5 11. c3 e5 12. d5 c4 13. Bc2 Nbd7 14. Nd2 Nc5 15. Ng3 Bd7
16. f4 exf4 17. Bxf4 Kh8 18. Nf3 Rad8 19. Qd2 Bc8 20. Rae1 Rde8 21. Kh1 Nfd7
22. Bh6 Ne5 23. Nxe5 Rxe5 24. Be3 f6 25. Re2 Re7 26. Ref2 Nd7 27. Ne2 Ne5 28.
Nd4 Bd7 29. Bh6 Qc8 30. Qf4 Kg8 31. Bxg7 Rxg7 32. Qh4 g5 33. Qg3 Rg6 34. Nf5
Bxf5 35. Rxf5 Kg7 36. Bd1 Rh6 37. Qe3 Qc7 38. Qd4 Rh4 39. Bg4 Nxg4 40. Rxg5+
Kh6 41. Rxg4 Rxg4 42. hxg4 Qg7 43. Rf3 Qg5 44. Rf5 Qh4+ 45. Kg1 Qe1+ 46. Rf1
Qh4 47. Qe3+ Qg5 48. Qg3 Kg6 49. Qxd6 Qe3+ 50. Kh1 Rf7 51. Qf4 Qe2 52. Rf2 Qe1+
53. Kh2 h6 54. d6 Qd1 55. e5 Qd5 56. Qf5+ Kg7 57. exf6+ 1-0

[Event "Superettan(Kamraterna-Stockholms SS)"]
[Site "?"]
[Date "2016.10.16"]
[Round "3"]
[White "Svenn, Gosta"]
[Black "Couso, Luis"]
[Result "1/2-1/2"]
[WhiteElo "2317"]
[BlackElo "2290"]
[PlyCount "80"]
1. d4 d5 2. c4 c6 3. Nf3 Nf6 4. e3 Bf5 5. Nc3 e6 6. Bd3 Bxd3 7. Qxd3 Be7 8. O-O
O-O 9. b3 Nbd7 10. Bb2 Bb4 11. Rfd1 Re8 12. Nd2 Bf8 13. e4 g6 14. Nf1 dxe4 15.
Nxe4 Nxe4 16. Qxe4 Qa5 17. Ne3 Bg7 18. Qc2 Nf6 19. Bc3 Qc7 20. g3 Rad8 21. Ng2
b5 22. Rac1 h5 23. Nh4 Ng4 24. Nf3 Qb7 25. Qe2 bxc4 26. bxc4 Qa6 27. Ba1 Rb8
28. h3 Nh6 29. Ne5 Nf5 30. Qf3 Qxa2 31. g4 hxg4 32. hxg4 Nh6 33. Kg2 Rb3 34.
Bc3 Qa6 35. Rh1 Qb7 36. Rh3 Rd8 37. Rch1 Rxc3 38. Qxc3 c5+ 39. Qf3 Qxf3+ 40.
Kxf3 Rxd4 1/2-1/2

[Event "Superettan(Rockaden,Sthlm II-Horndal)"]
[Site "?"]
[Date "2016.10.16"]
[Round "3"]
[White "Bit-Narva, David"]
[Black "Angskog, Kent"]
[Result "1/2-1/2"]
[WhiteElo "2029"]
[BlackElo "2189"]
[PlyCount "131"]
1. e4 g6 2. d4 Bg7 3. Nc3 d6 4. Be3 c6 5. a4 d5 6. h3 Qa5 7. exd5 cxd5 8. Qd2
a6 9. Nge2 Nc6 10. g4 e6 11. Bg2 h5 12. gxh5 Rxh5 13. Bf3 Rh8 14. h4 Nf6 15.
Bg5 Bd7 16. Nc1 Rc8 17. Nb3 Qb4 18. Kf1 Kf8 19. Ne2 Ne4 20. Bxe4 Qxd2 21. Bxd2
dxe4 22. Nc5 Rc7 23. c3 f5 24. Nf4 Kf7 25. d5 Nd8 26. Be3 e5 27. d6 Rxc5 28.
Nxg6 Rd5 29. Nxh8+ Bxh8 30. Bg5 Bf6 31. Rg1 Rxd6 32. h5 f4 33. Bxf6 Bh3+ 34.
Ke1 Rxf6 35. Rd1 Nc6 36. b4 e3 37. fxe3 f3 38. Kf2 e4 39. Rd5 Bg2 40. Rgd1 Re6
41. Rf5+ Kg7 42. Rdd5 Bh3 43. Rg5+ Kh6 44. Rg3 Ne7 45. Rd8 Bf5 46. Rh8+ Bh7 47.
Re8 Re5 48. b5 axb5 49. axb5 Nc6 50. Rh8 Rxb5 51. Rg6+ Kxh5 52. Rg1 Rb2+ 53.
Kg3 Kg6 54. Kf4+ Rg2 55. Rh1 f2 56. R8xh7 f1=Q+ 57. Rxf1 Kxh7 58. Kxe4 Kg8 59.
Kd5 Rg7 60. Kc5 Rf7 61. Rxf7 Kxf7 62. Kb6 Nd8 63. Kc7 Ke7 64. c4 Ke8 65. Kc8
Ke7 66. Kc7 1/2-1/2

[Event "Superettan(Horndal-Schack 08)"]
[Site "?"]
[Date "2016.10.15"]
[Round "2"]
[White "Drugge, Patrick"]
[Black "Bengts, Torleif"]
[Result "1-0"]
[WhiteElo "2201"]
[BlackElo "2097"]
[PlyCount "73"]
1. e4 e5 2. Bc4 Bc5 3. Nf3 Nc6 4. c3 Nf6 5. d3 a6 6. Nbd2 O-O 7. Bb3 d6 8. h3
Be6 9. Nf1 Bxb3 10. Qxb3 Qd7 11. Bg5 Nh5 12. g4 Nf4 13. Bxf4 exf4 14. d4 Bb6
15. O-O-O Qe6 16. d5 Qxe4 17. N1d2 Qe2 18. dxc6 bxc6 19. Qc4 Qxc4 20. Nxc4 Bxf2
21. Rhf1 Bg3 22. Nd4 Rfe8 23. Rd2 Re4 24. Re2 Rae8 25. Rxe4 Rxe4 26. Nd2 Re8
27. Nxc6 Re2 28. Nf3 Bf2 29. Ncd4 Be3+ 30. Kb1 Rg2 31. g5 h6 32. gxh6 g6 33.
Nc2 f5 34. a4 g5 35. Nxe3 fxe3 36. Rg1 Rf2 37. Nxg5 1-0

[Event "Superettan(Upsala-Vaxjo)"]
[Site "?"]
[Date "2016.10.15"]
[Round "2"]
[White "Johansson, Carl Fredrik"]
[Black "Moren, Bjorn"]
[Result "1-0"]
[WhiteElo "2184"]
[BlackElo "2106"]
[PlyCount "77"]
1. d4 d5 2. c4 e6 3. Nc3 Nf6 4. Bg5 Be7 5. e3 h6 6. Bh4 O-O 7. Nf3 b6 8. Rc1
Bb7 9. Bd3 Ne4 10. Bxe7 Qxe7 11. cxd5 exd5 12. h4 Re8 13. g4 c5 14. g5 cxd4 15.
Nxd4 Nxf2 16. Kxf2 Qxe3+ 17. Kg2 Nc6 18. Nf5 Qf4 19. Rf1 Qb4 20. gxh6 g6 21.
h7+ Kh8 22. Nh6 Ne5 23. Nxf7+ Kg7 24. Nxe5 Rxe5 25. Qf3 Qe7 26. Kg1 d4 27. Qg4
g5 28. Ne2 Kh8 29. h5 Rd8 30. Rcd1 Bc8 31. Qf3 Kg7 32. h6+ Kxh6 33. Qf6+ Qxf6
34. Rxf6+ Kh5 35. Kf2 Bb7 36. Bg6+ Kh4 37. Rxd4+ Rxd4 38. h8=Q+ Kg4 39. Qh5#
1-0

[Event "Superettan(Burgsvik-Orgryte)"]
[Site "?"]
[Date "2016.10.15"]
[Round "2"]
[White "Fransson, Patrick"]
[Black "Larsson, Victor"]
[Result "1-0"]
[WhiteElo "2117"]
[BlackElo "2188"]
[PlyCount "35"]
1. d4 d5 2. Bg5 h6 3. Bh4 c6 4. c3 Qb6 5. Qc2 g6 6. f3 Bf5 7. e4 dxe4 8. fxe4
Bxe4 9. Qxe4 Qxb2 10. Nf3 g5 11. Bg3 Nf6 12. Qe2 Qxa1 13. Qc2 Nd5 14. Kf2 e6
15. Be5 Rg8 16. Nfd2 Nxc3 17. Nxc3 Nd7 18. Nb3 1-0

[Event "Superettan(Horndal-Schack 08)"]
[Site "?"]
[Date "2016.10.15"]
[Round "2"]
[White "Rorvall, Goran"]
[Black "Ottenklev, Niclas"]
[Result "1-0"]
[WhiteElo "2162"]
[BlackElo "2184"]
[PlyCount "63"]
1. e4 e6 2. d3 d5 3. Nd2 Nf6 4. Ngf3 Be7 5. g3 O-O 6. Bg2 c5 7. O-O Nc6 8. Re1
Qc7 9. e5 Nd7 10. Qe2 b5 11. Nf1 a5 12. h4 Ba6 13. N1h2 Rfc8 14. Bg5 Nf8 15.
Ng4 Qd8 16. Bxe7 Qxe7 17. h5 f5 18. exf6 gxf6 19. Qe3 Nd8 20. Nh4 Qg7 21. Qf4
Nd7 22. Nh6+ Kh8 23. Bxd5 e5 24. Qf3 Ra7 25. N4f5 Qf8 26. Re4 Nb6 27. Rg4 Nxd5
28. Qxd5 Nf7 29. Rg8+ Qxg8 30. Nxg8 Kxg8 31. Qe6 Rf8 32. Qxf6 1-0

[Event "Superettan(Upsala-Vaxjo)"]
[Site "?"]
[Date "2016.10.15"]
[Round "2"]
[White "Neretljak, Nedzad"]
[Black "Cederberg, Karl Olof"]
[Result "0-1"]
[WhiteElo "2037"]
[BlackElo "2204"]
[PlyCount "72"]
1. e4 e5 2. Nf3 d6 3. Bc4 Be7 4. c3 Nf6 5. Ng5 O-O 6. d3 h6 7. h4 Nc6 8. b4 d5
9. exd5 Nxd5 10. Qf3 Nf6 11. Nd2 Bg4 12. Qg3 Qd7 13. f3 Bf5 14. Nde4 Rad8 15.
Nxf6+ Bxf6 16. Ne4 Bxe4 17. fxe4 Kh7 18. O-O Ne7 19. h5 b5 20. Bb3 Qxd3 21. Rf3
Qxe4 22. Be3 Nf5 23. Qh3 Nxe3 24. Rxe3 Qc6 25. Bc2+ g6 26. Rg3 e4 27. Qg4 Be5
28. Rh3 f5 29. hxg6+ Qxg6 30. Qe2 Qg5 31. Rd1 Rxd1+ 32. Qxd1 Rd8 33. Qf1 Rd2
34. Bd1 Bg3 35. Kh1 Qf4 36. Qg1 Rf2 0-1